[Event "CAN-op"]
[Site "Edmonton CAN"]
[Date "2005.07.10"]
[Round "3.58"]
[White "Brodie, Hugh"]
[Black "Longo, Tyler"]
[Result "0-1"]
[WhiteElo "1915"]
[BlackElo "1733"]
[PlyCount "56"]
[EventDate "2005.07.09"]
[EventType "swiss"]
[EventRounds "10"]
[EventCountry "CAN"]

1. e4 e6 2. d3 d5 3. Nd2 Nf6 4. Ngf3 dxe4 5. dxe4 Nc6 6. Bb5 Bd7 7. O-O Bc5 8.
c3 a6 9. Ba4 Qe7 10. Qe2 e5 11. h3 Nh5 12. Bxc6 Bxc6 13. Nb3 Ng3 14. Qc4 Nxe4
15. Nxc5 Nxc5 16. Bg5 f6 17. Be3 Ne6 18. a4 Bxf3 19. gxf3 O-O-O 20. b4 f5 21.
Rfe1 Rd6 22. Kf1 f4 23. Bc5 Nxc5 24. Qxc5 Qh4 25. Rxe5 Qxh3+ 26. Ke2 Rhd8 27.
Rh5 Rd2+ 28. Ke1 Qxf3 0-1

[Event "CAN-op"]
[Site "Edmonton CAN"]
[Date "2005.07.11"]
[Round "4"]
[White "Harrop, Breagan"]
[Black "Brodie, Hugh"]
[Result "0-1"]
[WhiteElo "1568"]
[BlackElo "1915"]
[PlyCount "94"]
[EventDate "2005.07.09"]
[EventType "swiss"]
[EventRounds "10"]
[EventCountry "CAN"]

1. Nf3 f5 2. c4 Nf6 3. g3 b6 4. b4 Bb7 5. Bg2 e6 6. a3 c5 7. Qb3 Nc6 8. e3 cxb4
9. axb4 Bxb4 10. O-O Be7 11. Bb2 Qc8 12. d4 Na5 13. Rxa5 bxa5 14. Nbd2 Bc6 15.
c5 Rb8 16. Qa2 Qc7 17. Ba3 O-O 18. Ne5 Bxg2 19. Kxg2 Rb5 20. Ndc4 Rfb8 21. Rc1
Nd5 22. Qe2 g6 23. h4 Rb1 24. h5 Kg7 25. hxg6 hxg6 26. g4 Rxc1 27. Bxc1 d6 28.
Nf3 Rh8 29. e4 Nc3 30. Qe3 Nxe4 31. Qf4 g5 32. Qe3 dxc5 33. dxc5 Qxc5 34. Bb2+
Bf6 35. Bxf6+ Kxf6 36. Qxc5 Nxc5 37. Nxa5 f4 38. Nc6 Rh7 39. Nfd4 a5 40. Ne2 a4
41. Nc3 a3 42. Nb4 Rb7 43. Nc2 Rb3 44. Ne2 f3+ 45. Kf1 Rb1+ 46. Ne1 fxe2+ 47.
Kxe2 Rxe1+ 0-1

[Event "CAN-op"]
[Site "Edmonton CAN"]
[Date "2005.07.13"]
[Round "6.55"]
[White "Brodie, Hugh"]
[Black "Mrugala, David"]
[Result "1/2-1/2"]
[WhiteElo "1915"]
[BlackElo "1627"]
[PlyCount "44"]
[EventDate "2005.07.09"]
[EventType "swiss"]
[EventRounds "10"]
[EventCountry "CAN"]

1. f4 d5 2. e3 c6 3. b3 Bf5 4. Nf3 e6 5. Bb2 Nd7 6. Be2 Ngf6 7. O-O Qc7 8. c4
Bd6 9. cxd5 exd5 10. Nc3 h5 11. Rc1 a6 12. Nd4 Bg4 13. h3 Bxe2 14. Qxe2 O-O-O
15. Nf5 g6 16. Nxd6+ Qxd6 17. Nd1 Rde8 18. Qf3 Rhg8 19. Be5 Qb4 20. Bc3 Qd6 21.
Be5 Qb4 22. Bc3 Qd6 1/2-1/2

[Event "CAN-op"]
[Site "Edmonton CAN"]
[Date "2005.07.14"]
[Round "7"]
[White "Thomson, Bruce"]
[Black "Brodie, Hugh"]
[Result "1/2-1/2"]
[WhiteElo "1676"]
[BlackElo "1915"]
[PlyCount "68"]
[EventDate "2005.07.09"]
[EventType "swiss"]
[EventRounds "10"]
[EventCountry "CAN"]

1. Nf3 f5 2. g3 b6 3. Bg2 Bb7 4. O-O Nf6 5. b3 e6 6. Bb2 Be7 7. d3 O-O 8. Nbd2
c5 9. Re1 Nc6 10. Ne5 Qc7 11. Nef3 f4 12. e3 fxe3 13. Rxe3 Nd5 14. Re1 Bf6 15.
Bxf6 Nxf6 16. c3 Rae8 17. Nc4 b5 18. Ncd2 d6 19. Rc1 e5 20. Ne4 Nd8 21. Nfd2
Nxe4 22. Nxe4 Bc6 23. Rc2 Ne6 24. b4 Ba8 25. a3 Rd8 26. Qg4 Rde8 27. Ng5 Nxg5
28. Qxg5 Bxg2 29. Kxg2 cxb4 30. axb4 Qc6+ 31. Kg1 Rf3 32. Re3 Ref8 33. Rxf3
Qxf3 34. Rd2 Qc6 1/2-1/2

[Event "CAN-op"]
[Site "Edmonton CAN"]
[Date "2005.07.15"]
[Round "8.52"]
[White "Brodie, Hugh"]
[Black "Chi, Jonathan"]
[Result "1-0"]
[WhiteElo "1915"]
[BlackElo "1744"]
[PlyCount "107"]
[EventDate "2005.07.09"]
[EventType "swiss"]
[EventRounds "10"]
[EventCountry "CAN"]

1. f4 d5 2. e3 c5 3. b3 Nf6 4. Bb2 e6 5. Nf3 a6 6. Be2 Nc6 7. O-O Bd6 8. Ne5
O-O 9. Nxc6 bxc6 10. Qe1 Nd7 11. Qg3 f6 12. Qh3 Qe7 13. Bd3 f5 14. Nc3 a5 15.
Ne2 Ba6 16. Bxa6 Rxa6 17. g4 fxg4 18. Qxg4 Nf6 19. Qh3 e5 20. Ng3 exf4 21. Nf5
Qc7 22. Nxd6 Qxd6 23. Rxf4 Raa8 24. Qg2 Rf7 25. Raf1 Raf8 26. a4 Ne8 27. Rxf7
Rxf7 28. Rxf7 Kxf7 29. Bc3 Qd8 30. d3 c4 31. bxc4 dxc4 32. Qxc6 Qg5+ 33. Qg2
Qh5 34. dxc4 Nf6 35. Bxf6 Kxf6 36. Qc6+ Ke7 37. Qb7+ Kf8 38. Qa8+ Ke7 39. Qe4+
Kf8 40. Qf4+ Ke8 41. Kf2 Qg6 42. Qe5+ Kd7 43. Qd5+ Kc8 44. e4 Qb6+ 45. c5 Qb2
46. Qc6+ Kb8 47. Qb6+ Qxb6 48. cxb6 Kb7 49. Ke3 g5 50. e5 Kxb6 51. Ke4 Kc6 52.
Kf5 h6 53. Kf6 Kd7 54. Kf7 1-0

[Event "CAN-op"]
[Site "Edmonton CAN"]
[Date "2005.07.16"]
[Round "9"]
[White "Lafreniere, Adrian"]
[Black "Brodie, Hugh"]
[Result "1/2-1/2"]
[WhiteElo "1703"]
[BlackElo "1915"]
[PlyCount "75"]
[EventDate "2005.07.09"]
[EventType "swiss"]
[EventRounds "10"]
[EventCountry "CAN"]

1. e4 c5 2. g3 Nc6 3. Bg2 g6 4. d3 Bg7 5. Ne2 d6 6. O-O Bd7 7. Nbc3 Qc8 8. Nd5
Nf6 9. Nef4 O-O 10. c3 Nxd5 11. Nxd5 Bh3 12. f4 Bxg2 13. Kxg2 e6 14. Ne3 f5 15.
Nc4 Qd7 16. Be3 b6 17. Qf3 d5 18. Nd2 dxe4 19. dxe4 e5 20. Rad1 Qe6 21. b3 exf4
22. Bxf4 fxe4 23. Qxe4 Qxe4+ 24. Nxe4 Rad8 25. c4 Rxd1 26. Rxd1 Bd4 27. Rd2 Kg7
28. Re2 Re8 29. Nc3 Rxe2+ 30. Nxe2 Kf6 31. Kf3 Ke6 32. Ke4 Be5 33. Bd2 Kd6 34.
Nf4 Bxf4 35. Bxf4+ Ke6 36. Bc7 Kd7 37. Bf4 Ke6 38. Bc7 1/2-1/2

[Event "CAN-op"]
[Site "Edmonton CAN"]
[Date "2005.07.17"]
[Round "10.43"]
[White "Brodie, Hugh"]
[Black "Chan, Michael"]
[Result "1-0"]
[WhiteElo "1915"]
[BlackElo "1700"]
[PlyCount "63"]
[EventDate "2005.07.09"]
[EventType "swiss"]
[EventRounds "10"]
[EventCountry "CAN"]

1. f4 d5 2. e3 Nf6 3. b3 Bf5 4. Nf3 e6 5. Bb2 Nbd7 6. Be2 Bd6 7. O-O c6 8. Ne5
Qc7 9. Nxd7 Qxd7 10. c4 O-O-O 11. cxd5 exd5 12. Be5 Bxe5 13. fxe5 Ng4 14. Rxf5
h5 15. Bxg4 hxg4 16. Qxg4 Kb8 17. Rg5 Qe7 18. Nc3 f5 19. exf6 gxf6 20. Rg7 Qf8
21. Rf1 d4 22. exd4 Ka8 23. h3 Qb4 24. Rxf6 Rhe8 25. Rd7 Re1+ 26. Kh2 Rde8 27.
Rff7 a5 28. Rxb7 Qd6+ 29. g3 R8e6 30. Ra7+ Kb8 31. Rfb7+ Kc8 32. Na4 1-0

[Event "Quebec op"]
[Site "Montreal CAN"]
[Date "2003.07.12"]
[Round "1"]
[White "Trinh, Tri Bao"]
[Black "Brodie, Hugh"]
[Result "1-0"]
[WhiteElo "2020"]
[BlackElo "1892"]
[PlyCount "71"]
[EventDate "2003.07.12"]
[EventType "swiss"]
[EventRounds "9"]
[EventCountry "CAN"]

1. e4 c5 2. c3 d5 3. exd5 Qxd5 4. d4 Nf6 5. Nf3 Bg4 6. Nbd2 cxd4 7. Bc4 Qh5 8.
Qb3 Bc8 9. cxd4 e6 10. Ne5 Be7 11. Qb5+ Nbd7 12. Nxd7 Bxd7 13. Qxb7 O-O 14. Qf3
Qa5 15. O-O Rac8 16. Nb3 Qb4 17. Bd3 Bc6 18. Qg3 Be4 19. Bxe4 Nxe4 20. Qd3 Nf6
21. Be3 Qd6 22. Rac1 Ng4 23. g3 Qd5 24. Qe2 Nf6 25. Rxc8 Rxc8 26. Rc1 Rxc1+ 27.
Nxc1 h5 28. b3 h4 29. Nd3 hxg3 30. hxg3 Qf5 31. Kg2 Qe4+ 32. f3 Qb7 33. Nc5 Qd5
34. Qc4 Ng4 35. Bg1 Qc6 36. Nxe6 1-0

[Event "Quebec op"]
[Site "Montreal CAN"]
[Date "2003.07.13"]
[Round "2"]
[White "Bouchard, Jean-Marc"]
[Black "Brodie, Hugh"]
[Result "1/2-1/2"]
[WhiteElo "1973"]
[BlackElo "1896"]
[PlyCount "81"]
[EventDate "2003.07.12"]
[EventType "swiss"]
[EventRounds "9"]
[EventCountry "CAN"]

1. b3 e5 2. Bb2 Nc6 3. e3 f5 4. Bb5 d6 5. d4 Bd7 6. dxe5 Nxe5 7. Bxd7+ Qxd7 8.
Nf3 Nxf3+ 9. Qxf3 O-O-O 10. O-O Qe6 11. c4 Nf6 12. Nc3 Ne4 13. Nb5 Nd2 14. Qh3
Nxf1 15. Nd4 Qe5 16. Kxf1 g6 17. f4 Qe4 18. Nxf5 Qd3+ 19. Kg1 gxf5 20. Bxh8 d5
21. cxd5 Bc5 22. Qxh7 Bxe3+ 23. Kh1 Qxd5 24. h4 Bxf4 25. Rf1 Qe4 26. Bf6 Rd3
27. Qg8+ Kd7 28. Qf7+ Kd6 29. Qe7+ Qxe7 30. Bxe7+ Kxe7 31. Rxf4 Ke6 32. h5 Rd7
33. Kh2 Rh7 34. Rh4 Kf6 35. Kg3 Kg5 36. Rd4 Kxh5 37. Kf4 Kg6 38. g3 Re7 39. Rd8
Re4+ 40. Kf3 Re7 41. Kf4 1/2-1/2

[Event "Quebec op"]
[Site "Montreal CAN"]
[Date "2003.07.14"]
[Round "4"]
[White "Brodie, Hugh"]
[Black "Leriche, Felix"]
[Result "1/2-1/2"]
[WhiteElo "1896"]
[BlackElo "2127"]
[PlyCount "161"]
[EventDate "2003.07.12"]
[EventType "swiss"]
[EventRounds "9"]
[EventCountry "CAN"]

1. e4 e6 2. d3 b5 3. Nf3 Bb7 4. g3 g6 5. Bg2 Bg7 6. O-O Ne7 7. c3 O-O 8. Qb3 a6
9. a4 d5 10. exd5 Bxd5 11. Qc2 Nd7 12. Be3 Nf5 13. axb5 axb5 14. Nbd2 Nxe3 15.
fxe3 c5 16. e4 Bb7 17. d4 Qb6 18. Nb3 Rac8 19. Qe2 cxd4 20. cxd4 e5 21. Rfd1
exd4 22. Nfxd4 Rc4 23. Qf2 Nf6 24. e5 Ng4 25. Qe2 Bxg2 26. Kxg2 Nxe5 27. Ra5
Nc6 28. Rxb5 Nxd4 29. Nxd4 Qc7 30. Rd5 Rb4 31. b3 Qb7 32. Qf3 Bxd4 33. R5xd4
Qxf3+ 34. Kxf3 Rxb3+ 35. Kf4 Re8 36. R1d2 h5 37. R2d3 Rb2 38. Rd2 Re2 39. Rxb2
Rxb2 40. h4 Rf2+ 41. Ke3 Rf5 42. Rd6 Kg7 43. Ra6 f6 44. Ra7+ Kh6 45. Ke4 Rf1
46. Ra5 g5 47. hxg5+ fxg5 48. Ra8 Kg7 49. Ra5 Kg6 50. Ra8 h4 51. gxh4 gxh4 52.
Rg8+ Kh5 53. Ke3 h3 54. Ke2 Rf5 55. Rh8+ Kg4 56. Rg8+ Kh4 57. Rh8+ Kg3 58. Rg8+
Kh2 59. Rg7 Ra5 60. Kf2 Ra2+ 61. Kf3 Rg2 62. Rh7 Rg4 63. Kf2 Rf4+ 64. Ke3 Rf6
65. Rg7 Kh1 66. Rg8 Rf1 67. Ra8 Kh2 68. Ke2 Rf7 69. Rg8 Rb7 70. Rg6 Rb2+ 71.
Kf1 Rg2 72. Rh6 Rg4 73. Kf2 Rf4+ 74. Ke3 Kg2 75. Rg6+ Kh1 76. Ke2 h2 77. Rg7
Ra4 78. Kf2 Ra2+ 79. Kf1 Ra1+ 80. Kf2 Rg1 81. Rb7 1/2-1/2

[Event "Quebec op"]
[Site "Montreal CAN"]
[Date "2003.07.15"]
[Round "5"]
[White "Brodie, Hugh"]
[Black "Moisan-Plante, Marc-Olivier"]
[Result "0-1"]
[WhiteElo "1896"]
[BlackElo "2095"]
[PlyCount "58"]
[EventDate "2003.07.12"]
[EventType "swiss"]
[EventRounds "9"]
[EventCountry "CAN"]

1. e4 e5 2. Nc3 Nf6 3. f4 d5 4. fxe5 Nxe4 5. Nf3 Be7 6. d4 c5 7. Bd3 Nxc3 8.
bxc3 Nc6 9. O-O O-O 10. Kh1 f6 11. exf6 Bxf6 12. Ba3 Be7 13. Bxc5 Bxc5 14. dxc5
Bg4 15. h3 Bh5 16. g4 Bf7 17. Qe1 Rc8 18. Qg3 d4 19. Bf5 Rb8 20. Kh2 dxc3 21.
Rad1 Qe7 22. Rfe1 Qxc5 23. Ng5 g6 24. Nxf7 Kxf7 25. Rd7+ Kg8 26. Qh4 h5 27. Re6
Ne5 28. Rxg6+ Nxg6 29. Be6+ Kh8 0-1

[Event "Quebec op"]
[Site "Montreal CAN"]
[Date "2003.07.16"]
[Round "6"]
[White "Falardeau, Bruno"]
[Black "Brodie, Hugh"]
[Result "1-0"]
[WhiteElo "1983"]
[BlackElo "1896"]
[PlyCount "57"]
[EventDate "2003.07.12"]
[EventType "swiss"]
[EventRounds "9"]
[EventCountry "CAN"]

1. e4 e6 2. d4 d5 3. exd5 exd5 4. Bd3 Nf6 5. Bg5 h6 6. Bh4 Bd6 7. Nc3 c6 8. Qd2
Nbd7 9. Nge2 Qa5 10. Qe3+ Kd8 11. O-O Re8 12. Qf3 Ke7 13. Ng3 Kf8 14. Nf5 Be7
15. Qg3 g6 16. Nxh6 Nh5 17. Qf3 Nhf6 18. g4 Kg7 19. g5 Bd6 20. Bg3 Qc7 21. Rae1
Rxe1 22. Rxe1 Bxg3 23. hxg3 Qd8 24. Qf4 Qf8 25. gxf6+ Nxf6 26. Be2 Qe7 27. Kg2
Qe6 28. Rh1 Bd7 29. Nf5+ 1-0

[Event "Quebec op"]
[Site "Montreal CAN"]
[Date "2003.07.17"]
[Round "7"]
[White "Brodie, Hugh"]
[Black "Ber, Yves"]
[Result "1/2-1/2"]
[WhiteElo "1896"]
[BlackElo "1930"]
[PlyCount "102"]
[EventDate "2003.07.12"]
[EventType "swiss"]
[EventRounds "9"]
[EventCountry "CAN"]

1. e4 e6 2. d3 d5 3. Nd2 Nc6 4. Ngf3 Bd6 5. g3 Bd7 6. Bg2 Nf6 7. O-O dxe4 8.
dxe4 Qe7 9. c3 O-O-O 10. Qc2 e5 11. Nc4 h6 12. b4 Be6 13. Qe2 Rdg8 14. b5 Nb8
15. Nfxe5 Nfd7 16. Nxd6+ cxd6 17. Nxd7 Nxd7 18. Rd1 Ne5 19. a4 g5 20. Rd4 Qc7
21. Ba3 Nc4 22. Bb4 h5 23. Rad1 g4 24. Bxd6 Nxd6 25. Rxd6 h4 26. R1d4 Kb8 27.
Qd2 Rc8 28. c4 Rh5 29. e5 Rxe5 30. Rd7 Bxd7 31. Rxd7 Re1+ 32. Bf1 Rxf1+ 33.
Kxf1 Qxc4+ 34. Qd3 Qc1+ 35. Qd1 Qc4+ 36. Qd3 Qxa4 37. Rd8 Qa1+ 38. Ke2 Qa2+ 39.
Kf1 Qa1+ 40. Ke2 Qe5+ 41. Kd1 Qa1+ 42. Ke2 Qe5+ 43. Kf1 hxg3 44. hxg3 Qe7 45.
Rxc8+ Kxc8 46. Qf5+ Qd7 47. Qc5+ Kd8 48. Qf8+ Qe8 49. Qd6+ Kc8 50. Qc5+ Kb8 51.
Qd6+ Kc8 1/2-1/2

[Event "Quebec op"]
[Site "Montreal CAN"]
[Date "2003.07.18"]
[Round "8"]
[White "Clyde, Jordan"]
[Black "Brodie, Hugh"]
[Result "1/2-1/2"]
[WhiteElo "2020"]
[BlackElo "1896"]
[PlyCount "61"]
[EventDate "2003.07.12"]
[EventType "swiss"]
[EventRounds "9"]
[EventCountry "CAN"]

1. Nf3 f5 2. e4 fxe4 3. Ng5 Nf6 4. d3 e3 5. fxe3 e5 6. Be2 d5 7. O-O Bd6 8. e4
c6 9. Kh1 O-O 10. Nc3 d4 11. Nb1 Qe7 12. Nd2 Na6 13. Nc4 Nc7 14. c3 c5 15. Qb3
Ne6 16. Nxd6 Qxd6 17. Bd2 h6 18. Nxe6 Bxe6 19. Qc2 Rac8 20. c4 Nd7 21. a4 Qe7
22. Bf3 Rf6 23. Be2 Rcf8 24. Rxf6 Qxf6 25. Rg1 b6 26. Qd1 Qh4 27. Rf1 Rxf1+ 28.
Qxf1 a5 29. Qe1 Qxe1+ 30. Bxe1 Kf7 31. g3 1/2-1/2

[Event "National op"]
[Site "Las Vegas USA"]
[Date "2002.03.08"]
[Round "2"]
[White "Brodie, Hugh"]
[Black "Lynch, Mark"]
[Result "1/2-1/2"]
[WhiteElo "2040"]
[BlackElo "1789"]
[PlyCount "64"]
[EventDate "2002.03.??"]
[EventType "swiss"]
[EventRounds "6"]
[EventCountry "USA"]

1. e4 c5 2. Nf3 d6 3. c3 g6 4. d4 cxd4 5. cxd4 Bg7 6. Bc4 Qb6 7. Bb3 Nf6 8. Nc3
O-O 9. h3 Nc6 10. Be3 Na5 11. O-O Nxb3 12. axb3 Bd7 13. e5 Ne8 14. Nd5 Qd8 15.
Bg5 f6 16. exf6 Nxf6 17. Nc3 h6 18. Be3 b5 19. Qd3 b4 20. Qc4+ Kh7 21. Qxb4 Be6
22. Nd2 Qd7 23. Kh2 Rfb8 24. Qa4 Qxa4 25. Rxa4 Bxb3 26. Nxb3 Rxb3 27. Rfa1 Rxb2
28. Rxa7 Rxa7 29. Rxa7 Bf8 30. Ra8 Bg7 31. Ra7 Bf8 32. Ra8 Bg7 1/2-1/2

[Event "National op"]
[Site "Las Vegas USA"]
[Date "2002.03.09"]
[Round "3"]
[White "Eilbacher, Robert"]
[Black "Brodie, Hugh"]
[Result "1/2-1/2"]
[WhiteElo "1746"]
[BlackElo "2040"]
[PlyCount "55"]
[EventDate "2002.03.??"]
[EventType "swiss"]
[EventRounds "6"]
[EventCountry "USA"]

1. f4 e5 2. fxe5 d6 3. exd6 Bxd6 4. Nf3 Bg4 5. e3 Nc6 6. Bb5 Nge7 7. Nc3 O-O 8.
O-O Ne5 9. Be2 Bxf3 10. Bxf3 c6 11. b3 N7g6 12. Bb2 Nh4 13. Qe2 f5 14. Nd1
Nhxf3+ 15. gxf3 Qh4 16. f4 Ng4 17. Qg2 g6 18. Nf2 Be7 19. Nd3 Bf6 20. Bxf6 Qxf6
21. h3 Nh6 22. Ne5 Rad8 23. d4 Nf7 24. Rad1 Nd6 25. c4 Ne4 26. Rd3 Rfe8 27.
Rfd1 Rd6 28. Kf1 1/2-1/2

[Event "National op"]
[Site "Las Vegas USA"]
[Date "2002.03.09"]
[Round "4"]
[White "Brodie, Hugh"]
[Black "Nambiar, Vivek"]
[Result "1/2-1/2"]
[WhiteElo "2040"]
[BlackElo "2213"]
[PlyCount "130"]
[EventDate "2002.03.??"]
[EventType "swiss"]
[EventRounds "6"]
[EventCountry "USA"]

1. e4 c5 2. Nf3 Nc6 3. Bb5 g6 4. c3 Nf6 5. e5 Nd5 6. O-O Bg7 7. d4 cxd4 8. cxd4
Qb6 9. Bxc6 dxc6 10. h3 O-O 11. Nc3 f6 12. exf6 exf6 13. Re1 Bf5 14. Nh4 Bd7
15. Qa4 Qb4 16. Qxb4 Nxb4 17. Re7 Rf7 18. Rxf7 Kxf7 19. Be3 Re8 20. Rc1 f5 21.
Nf3 Nd3 22. Rd1 Nb4 23. a3 Nd5 24. Nxd5 cxd5 25. Rc1 Bc6 26. Rc2 a6 27. Bf4 Rc8
28. Ne5+ Ke6 29. Nf3 Kd7 30. Ne5+ Ke8 31. h4 Bf6 32. g3 Kf8 33. Bh6+ Ke7 34.
Bg5 Ke6 35. Bxf6 Kxf6 36. f4 Ke6 37. Kf2 Kd6 38. Ke3 Rc7 39. Kf3 Rg7 40. Ke3 h6
41. Kf3 Kc7 42. b3 Kd6 43. Rh2 Be8 44. Rc2 Bc6 45. Rh2 Be8 46. Rc2 Rc7 47. Rxc7
Kxc7 48. Ke3 a5 49. Kd3 Kd6 50. Kc3 Ke6 51. Kd2 Kf6 52. Ke3 g5 53. hxg5+ hxg5
54. Nf3 g4 55. Ne5 Ke6 56. Kd2 Kd6 57. Kc3 Bb5 58. b4 b6 59. Nf7+ Kc7 60. Kb3
Bd3 61. Kc3 Be4 62. Ne5 Kb7 63. bxa5 bxa5 64. a4 Kc7 65. Kb3 Kb6 1/2-1/2

[Event "National op"]
[Site "Las Vegas USA"]
[Date "2002.03.10"]
[Round "5"]
[White "Cook, Boyd"]
[Black "Brodie, Hugh"]
[Result "1/2-1/2"]
[WhiteElo "1769"]
[BlackElo "2040"]
[PlyCount "59"]
[EventDate "2002.03.??"]
[EventType "swiss"]
[EventRounds "6"]
[EventCountry "USA"]

1. d4 e6 2. e3 f5 3. f4 Nf6 4. Nf3 b6 5. Bd3 Bb7 6. c3 Be7 7. Qe2 O-O 8. Nbd2
Ne4 9. O-O c5 10. Bc4 Qe8 11. Ne5 Bf6 12. Bd3 Qe7 13. Qf3 cxd4 14. exd4 Nc5 15.
Qe2 Nxd3 16. Nxd3 Nc6 17. Nf3 Ba6 18. Re1 Qf7 19. Qe3 Rac8 20. Nde5 Bxe5 21.
fxe5 Ne7 22. Ng5 Qg6 23. Qf4 h6 24. Nh3 Nd5 25. Qh4 Rfe8 26. Nf4 Nxf4 27. Bxf4
Bb7 28. Qh3 Qg4 29. Qg3 Qxg3 30. hxg3 1/2-1/2

[Event "National op"]
[Site "Las Vegas USA"]
[Date "2002.03.10"]
[Round "6"]
[White "Brodie, Hugh"]
[Black "Porcell, Michael"]
[Result "1-0"]
[WhiteElo "2040"]
[BlackElo "1879"]
[PlyCount "61"]
[EventDate "2002.03.??"]
[EventType "swiss"]
[EventRounds "6"]
[EventCountry "USA"]

1. e4 c5 2. Nf3 d6 3. c3 Nf6 4. Bd3 Nc6 5. Bc2 Bg4 6. h3 Bh5 7. d4 Bxf3 8. gxf3
cxd4 9. cxd4 e6 10. Nc3 d5 11. Be3 Bb4 12. Qd3 a6 13. e5 Nh5 14. h4 f5 15. exf6
gxf6 16. Rg1 Qc7 17. a3 Bd6 18. Ne2 Qa5+ 19. Bd2 Nb4 20. Bxb4 Bxb4+ 21. Kf1 Bd2
22. Rd1 Bh6 23. f4 f5 24. Qe3 Kf7 25. Qb3 b5 26. Bxf5 Qb6 27. Bh3 Nxf4 28. Nxf4
Bxf4 29. Qf3 Qc7 30. Rg4 Ke7 31. Rg7+ 1-0

[Event "CAN-op"]
[Site "Sackville CAN"]
[Date "2001.07.08"]
[Round "1"]
[White "Brodie, Hugh"]
[Black "Cummings, David"]
[Result "0-1"]
[WhiteElo "1970"]
[BlackElo "2479"]
[PlyCount "116"]
[EventDate "2001.07.07"]
[EventType "swiss"]
[EventRounds "10"]
[EventCountry "CAN"]

1. e4 c5 2. Nf3 e6 3. c3 Nf6 4. e5 Nd5 5. d4 cxd4 6. cxd4 b6 7. Nc3 Nxc3 8.
bxc3 Qc7 9. Qb3 Bb7 10. Ba3 Bxa3 11. Qxa3 Bxf3 12. gxf3 Nc6 13. Rc1 Rc8 14. Kd2
Qd8 15. Bd3 Qh4 16. Ke2 Ne7 17. Be4 O-O 18. Rcg1 f5 19. exf6 Qxf6 20. Rg3 d5
21. Bb1 e5 22. Rhg1 Rf7 23. dxe5 Qxe5+ 24. Kd2 Qf4+ 25. Kd1 Nf5 26. Bxf5 Qxf5
27. Kd2 Qf4+ 28. Kd1 d4 29. Qa4 Rd8 30. c4 d3 31. Qb3 Kh8 32. Re1 Qd4 33. Re3
Qa1+ 34. Kd2 Qf1 35. Rxd3 Qxf2+ 36. Kc1 Re8 37. c5 Qxc5+ 38. Rc3 Re1+ 39. Kb2
Re2+ 40. Rc2 Qd4+ 41. Qc3 Rxc2+ 42. Kxc2 Qxc3+ 43. Kxc3 Rf4 44. Kd3 h6 45. Ke3
g5 46. Rg2 Kg7 47. Rc2 Ra4 48. Kf2 Kg6 49. Kg3 Kf5 50. Rd2 h5 51. h3 h4+ 52.
Kg2 b5 53. Rc2 Kf4 54. Re2 a6 55. Kf2 Rd4 56. Kg2 a5 57. Rb2 b4 58. Re2 a4 0-1

[Event "CAN-op"]
[Site "Sackville CAN"]
[Date "2001.07.08"]
[Round "2"]
[White "Lipnowski, Michael"]
[Black "Brodie, Hugh"]
[Result "1/2-1/2"]
[WhiteElo "1767"]
[BlackElo "1970"]
[PlyCount "68"]
[EventDate "2001.07.07"]
[EventType "swiss"]
[EventRounds "10"]
[EventCountry "CAN"]

1. d4 e6 2. c4 f5 3. Nc3 Nf6 4. g3 d5 5. Bg2 c6 6. cxd5 exd5 7. Nh3 Bd6 8. O-O
O-O 9. f3 Qe8 10. Nf2 Nbd7 11. Re1 Qh5 12. e4 fxe4 13. fxe4 Qxd1 14. Rxd1 dxe4
15. Nfxe4 Nxe4 16. Nxe4 Bc7 17. d5 cxd5 18. Rxd5 Bb6+ 19. Kh1 Nf6 20. Nxf6+
Rxf6 21. Bg5 Rf2 22. Re5 Bg4 23. Bd5+ Kh8 24. Bxb7 Raf8 25. Bf4 Bd4 26. Re7 Bf6
27. Rc7 Bxb2 28. Re1 Bd4 29. Bg2 Bf3 30. Bxf3 Rxf3 31. Be5 Bxe5 32. Rxe5 Rf1+
33. Kg2 R1f2+ 34. Kh3 Rxa2 1/2-1/2

[Event "CAN-op"]
[Site "Sackville CAN"]
[Date "2001.07.08"]
[Round "3"]
[White "Brodie, Hugh"]
[Black "Brun, Jacques"]
[Result "1/2-1/2"]
[WhiteElo "1970"]
[BlackElo "1785"]
[PlyCount "64"]
[EventDate "2001.07.07"]
[EventType "swiss"]
[EventRounds "10"]
[EventCountry "CAN"]

1. e4 c5 2. Nf3 Nc6 3. d4 cxd4 4. c3 dxc3 5. Nxc3 g6 6. Bc4 Bg7 7. O-O d6 8. h3
Nf6 9. Qe2 O-O 10. Rd1 Nd7 11. Be3 b6 12. Bxf7+ Rxf7 13. Ng5 Bb7 14. Nxf7 Kxf7
15. Rac1 Kg8 16. Nd5 Rc8 17. Nf4 Nf8 18. b3 Qd7 19. f3 Kh8 20. Qd2 Ne6 21. Nxe6
Qxe6 22. Bh6 Ne5 23. Rxc8+ Qxc8 24. Bxg7+ Kxg7 25. Kh2 Kg8 26. Rc1 Qb8 27. Kh1
Qd8 28. Qc3 Nc6 29. Qc4+ Kg7 30. Qc3+ Kg8 31. Qc4+ Kh8 32. Qc3+ Kg8 1/2-1/2

[Event "CAN-op"]
[Site "Sackville CAN"]
[Date "2001.07.09"]
[Round "4"]
[White "Livingstone, James"]
[Black "Brodie, Hugh"]
[Result "1/2-1/2"]
[WhiteElo "1609"]
[BlackElo "1970"]
[PlyCount "82"]
[EventDate "2001.07.07"]
[EventType "swiss"]
[EventRounds "10"]
[EventCountry "CAN"]

1. d4 e6 2. Nf3 f5 3. Bg5 Nf6 4. Bxf6 Qxf6 5. e3 b6 6. Be2 Bb7 7. O-O Bd6 8.
Nbd2 O-O 9. c4 Qg6 10. Rc1 Nc6 11. a3 Nd8 12. Re1 Nf7 13. Bf1 Ng5 14. Nxg5 Qxg5
15. g3 f4 16. Bg2 fxe3 17. Rxe3 Bxg2 18. Kxg2 Qg6 19. Qe2 Rf7 20. Nf3 Raf8 21.
Rf1 Qg4 22. Ne5 Qxe2 23. Rxe2 Bxe5 24. dxe5 g5 25. Re3 Kg7 26. h3 h5 27. f3 Kg6
28. g4 hxg4 29. hxg4 Rh8 30. Rh1 Rxh1 31. Kxh1 Rf4 32. b3 Rd4 33. Kg2 Kf7 34.
Kf2 d5 35. cxd5 Rxd5 36. Ke2 c5 37. Re4 Ke7 38. a4 a6 39. Re3 b5 40. axb5 axb5
41. Re4 Ke8 1/2-1/2

[Event "CAN-op"]
[Site "Sackville CAN"]
[Date "2001.??.??"]
[Round "5"]
[White "Davies, Noam"]
[Black "Brodie, Hugh"]
[Result "0-1"]
[WhiteElo "1619"]
[BlackElo "1970"]
[PlyCount "130"]
[EventDate "2001.07.07"]
[EventType "swiss"]
[EventRounds "10"]
[EventCountry "CAN"]

1. e4 c5 2. Nf3 Nc6 3. Bb5 g6 4. Bxc6 bxc6 5. O-O Bg7 6. d4 cxd4 7. Nxd4 Nf6 8.
Nc3 O-O 9. f4 c5 10. Nb3 d6 11. Qe2 Qb6 12. Qf3 Ba6 13. Rf2 Bb7 14. f5 Nd7 15.
Qh3 Ne5 16. Bg5 Rae8 17. Raf1 Bc6 18. Be3 a5 19. Rb1 Nc4 20. fxg6 hxg6 21. Bh6
Ne5 22. Bxg7 Kxg7 23. Qh4 Rh8 24. Qf4 Rh5 25. Qd2 a4 26. Nc1 Reh8 27. h3 Ng4
28. Re2 c4+ 29. Kh1 Ne5 30. Nd5 Bxd5 31. exd5 Nf3 32. Qc3+ Ne5 33. Qd2 Kg8 34.
b3 Nf3 35. Qe3 Qxe3 36. Rxe3 Nd2 37. Ra1 Kf8 38. bxa4 Rxd5 39. Ne2 Rhh5 40. Nf4
Rde5 41. Rxe5 Rxe5 42. Rd1 c3 43. Kg1 Re4 44. Nd5 Rxa4 45. Nxc3 Rc4 46. Rxd2
Rxc3 47. Kf2 Ra3 48. c4 Rc3 49. a4 Ra3 50. c5 dxc5 51. Rc2 Rxa4 52. Rxc5 Kg7
53. Re5 Kf6 54. Re2 Ra3 55. Rc2 Rb3 56. Ra2 e5 57. Ra7 Ke6 58. Ra6+ Kf5 59. Ra4
f6 60. g4+ Kg5 61. Kg2 Kh4 62. Ra7 Rg3+ 63. Kf2 Rxh3 64. Rg7 Kg5 65. Kg2 Rh4
0-1

[Event "CAN-op"]
[Site "Sackville CAN"]
[Date "2001.??.??"]
[Round "6"]
[White "Brodie, Hugh"]
[Black "Brown, John"]
[Result "1/2-1/2"]
[WhiteElo "1970"]
[BlackElo "1723"]
[PlyCount "37"]
[EventDate "2001.07.07"]
[EventType "swiss"]
[EventRounds "10"]
[EventCountry "CAN"]

1. e4 d6 2. d4 Nf6 3. Nc3 g6 4. f4 Bg7 5. Nf3 c5 6. Bb5+ Bd7 7. e5 Ng8 8. dxc5
Bxb5 9. Nxb5 Qa5+ 10. Nc3 dxe5 11. fxe5 Qxc5 12. Qe2 e6 13. Be3 Qa5 14. O-O Ne7
15. Nb5 O-O 16. c4 Nbc6 17. Bf4 a6 18. Nc3 Nf5 19. Rad1 1/2-1/2

[Event "CAN-op"]
[Site "Sackville CAN"]
[Date "2001.??.??"]
[Round "7"]
[White "Martin, Steve"]
[Black "Brodie, Hugh"]
[Result "0-1"]
[WhiteElo "1759"]
[BlackElo "1970"]
[PlyCount "58"]
[EventDate "2001.07.07"]
[EventType "swiss"]
[EventRounds "10"]
[EventCountry "CAN"]

1. d4 e6 2. c4 f5 3. Nc3 Nf6 4. Nf3 b6 5. Bf4 Bb7 6. e3 Bb4 7. Be2 O-O 8. O-O
Bxc3 9. bxc3 d6 10. Ng5 Qe8 11. f3 h6 12. Nh3 Nbd7 13. Bg3 e5 14. Bd3 g6 15.
Qc2 Kg7 16. e4 f4 17. Bxf4 exf4 18. Nxf4 g5 19. e5 gxf4 20. exf6+ Nxf6 21. Rae1
Qf7 22. d5 Rae8 23. Qd2 Nd7 24. Re6 Rxe6 25. dxe6 Qxe6 26. Kh1 Qe3 27. Qc2 Ne5
28. Rd1 Nxf3 29. gxf3 Bxf3+ 0-1